Manažérska etika a komunikácia v podnikaní vybrané kapitoly
Guardado en:
| Autor principal: | |
|---|---|
| Otros Autores: | |
| Formato: | Libro |
| Lenguaje: | eslovaco |
| Publicado: |
Žilina
EDIS - vydavateľstvo ŽU
2001
|
| Colección: | Odborné knižné publikácie
|
| Materias: | |
| Etiquetas: |
Sin Etiquetas, Sea el primero en etiquetar este registro!
|
MARC
| LEADER | 00000nam a2200000 4500 | ||
|---|---|---|---|
| 001 | c135193 | ||
| 005 | 20221124104646.7 | ||
| 020 | |a 80-7100-814-1 | ||
| 041 | 0 | |a slo | |
| 044 | |a SK | ||
| 245 | 1 | 0 | |a Manažérska etika a komunikácia v podnikaní |b vybrané kapitoly |c Helena Janotová - Viera Farkašová |
| 264 | 1 | |a Žilina |b EDIS - vydavateľstvo ŽU |c 2001 | |
| 300 | |a 115 s. | ||
| 490 | 1 | |a Odborné knižné publikácie | |
| 830 | 0 | |a Odborné knižné publikácie | |
| 610 | 2 | 0 | |a manažéri |
| 610 | 2 | 0 | |a manažment |
| 610 | 2 | 0 | |a etika |
| 610 | 2 | 0 | |a morálka |
| 610 | 2 | 0 | |a kódexy |
| 610 | 2 | 0 | |a etika podnikateľská |
| 610 | 2 | 0 | |a riadenie podnikové |
| 610 | 2 | 0 | |a rozhodovanie manažérske |
| 610 | 2 | 0 | |a kultúra |
| 610 | 2 | 0 | |a komunikácia manažérska |
| 610 | 2 | 0 | |a rokovania obchodné |
| 610 | 2 | 0 | |a porady |
| 100 | 1 | |a Janotová, Helena | |
| 700 | 1 | |a Farkašová, Viera | |